000 00750nam a2200205Ii 4500
003 JO-AjNU
008 230605s9999||||xx |||||||||||||| ||und||
040 _aJO-AjNU
_bara
_erda
_cJO-AjNU
041 _aara
050 1 4 _aTP155 M33
100 3 _aجودة، محمود صابر/ م مشارك محمد محمود يوسف ,
_eauthor
_97476
245 0 0 _aتكنولوجيا السكر والقند (الحلوى)
264 3 1 _aالاسكندرية: مكتبة المعارف الحديثة، د.ت
300 _a98ص
336 _atext
_btxt
_2rdacontent
337 _aunmediated
_bn
_2rdamedia
338 _avolume
_bnc
_2rdacarrier
490 0 _aسلسلة علوم وتقنيو(تكنولوجيا)الاغذية
650 4 _aالحلويات
_97477
999 _aA298
_c3866
_d3866